00828pam a2200205 a 4500020004000000020003500040040000800075082002600083100001800109245004500127260003800172300004000210500005100250700001800301856006600319856006600385942000700451999001700458952014700475 a0813380669 (hardcover : alk. paper) a0813380650 (pbk. : alk. paper) cDLC00a952 WES 1991 A100 Or.1 aHane, Mikiso.10aPremodern Japan :ba historical survey / aBoulder :bWestview Press,c1991. axii, 258 p. :bill., maps ;c24 cm. aRev. ed. of: Japan, a historical survey. 1972.1 aHane, Mikiso.42uhttp://www.loc.gov/catdir/enhancements/fy0833/90041699-b.html42uhttp://www.loc.gov/catdir/enhancements/fy0833/90041699-d.html cEK c12770d12770 0010406952_000000000000000_WES_1991_A100_OR70962858aLBAbLBAcA100d2017-08-16o952 WES 1991 A100 Or.pA17845r2017-08-16w2017-08-16yEK